000 00332nam a22001457a 4500
008 221007b ||||| |||| 00| 0 eng d
020 _a0070697582
041 _aeng
080 _2FIFTH EDITION
_a579
082 _a579 WHIT
100 _a17
101 _aCHEMY
245 _aPRINCIPLES OF BIOCHEMISTRY
_cWHITE A
942 _2udc
_cBK
999 _c58407
_d58407